[Event "DSOL 03 Liga Gr-B 1st"]
[Site "Playchess.com INT"]
[Date "2020.07.27"]
[Round "6.2"]
[White "Klapper, Juergen"]
[Black "Bornholdt, Joa Max"]
[Result "0-1"]
[WhiteElo "1795"]
[BlackElo "1914"]
[PlyCount "76"]
[EventDate "2020.06.22"]
[EventType "team-tourn (rapid)"]
[EventCountry "GER"]
[SourceTitle "EXT 2021"]
[Source "ChessBase"]
[SourceDate "2020.10.23"]
[SourceVersion "1"]
[SourceVersionDate "2020.10.23"]
[SourceQuality "1"]
[WhiteTeam "Graefelfing"]
[BlackTeam "Luebeck SV II"]
[WhiteTeamCountry "GER"]
[BlackTeamCountry "GER"]

1. d4 Nf6 2. c4 e6 3. Nc3 c5 4. d5 exd5 5. cxd5 d6 6. e4 g6 7. Nf3 Bg7 8. Be2 0-0 9. 0-0 Re8 10. Qc2 Bg4 11. h3 Bxf3 12. Bxf3 Nbd7 13. g4 c4 14. Be2 Nc5 15. f3 Rc8 16. Bf4 b5 17. Kg2 Qb6 18. Be3 Nfd7 19. f4 Qb7 20. a4 a6 21. Bf3 Nd3 22. axb5 N7c5 23. Bxc5 Rxc5 24. Rxa6 Nxf4+ 25. Kh1 Qe7 26. Bg2 Be5 27. Ne2 Nd3 28. Nc3 Qh4 29. Ne2 Nf2+ 30. Rxf2 Qxf2 31. Ra1 Rxb5 32. Rf1 Qc5 33. Nc3 Rb3 34. Qf2 Qxf2 35. Rxf2 Reb8 36. Bf1 Rxb2 37. Rxb2 Rxb2 38. Na4 Rb4 0-1